| 000 | 01195nas a2200253 i 4500 | ||
|---|---|---|---|
| 003 | DO-SdBNP | ||
| 005 | 20250610092320.0 | ||
| 007 | ta | ||
| 008 | 250610e2025 dr un|||r||||||0| | spa d | ||
| 040 |
_aDO-SdBNP _bspa _cBNPHU _erda |
||
| 041 | _hspa | ||
| 110 |
_aRefinería Dominicana de Petróleo, S.A (Refidomsa) _986469 |
||
| 245 |
_aMemorias 2020-2024 : _buna gestión de compromiso / _cRefinería Dominicana de Petróleo. |
||
| 264 |
_aSanto Domingo, República Dominicana : _bRefinería Dominicana de Petróleo. _bBúho, _c2025. |
||
| 300 |
_avolumen : _bilustraciones, fotografías, gráficas, mapas ; _c30. 5 cm. |
||
| 310 | _aDesconocido. | ||
| 336 |
_atexto _btxt _2rdacontent |
||
| 337 |
_asin mediación _bn _2rdamedia |
||
| 338 |
_avolumen _bnc _2rdacarrier |
||
| 362 | _aMemorias 2020-2024. | ||
| 520 | _aLa Refinería Dominicana de Petróleo, S.A., también conocida por su acrónimo oficial Refidomsa, es una empresa de refinación de petróleo e importación y comercialización de productos derivados del petróleo de la República Dominicana. | ||
| 650 | 0 |
_aIndustria del petróleo _xHistoria _vPublicaciones periódicas _zRepública Dominicana _926220 |
|
| 942 |
_2ddc _cISSUE |
||
| 999 |
_c59189 _d59189 |
||